[Event "C.to Italiano Semifinale"]
[Site "Torino ITA"]
[Date "2000.06.20"]
[Round "3"]
[White "Petruccioli, Antonio"]
[Black "Collutiis, Duilio"]
[Result "1/2-1/2"]
[WhiteElo "2114"]
[BlackElo "2271"]
[PlyCount "152"]
[EventDate "2000.06.18"]

1. e4 c5 2. Nf3 e6 3. c3 Nf6 4. e5 Nd5 5. Bc4 Nb6 6. Bb3 d5 7. d4 Nc6 8. O-O
Bd7 9. a3 Rc8 10. Bc2 a5 11. Re1 Qc7 12. Be3 cxd4 13. Bxd4 Be7 14. Nbd2 g5 15.
h3 h5 16. g4 hxg4 17. hxg4 a4 18. Kg2 Kd8 19. Qe2 Be8 20. Rad1 Nxd4 21. Nxd4
Ra8 22. N4f3 Kc8 23. Bd3 Kb8 24. Rh1 Rg8 25. Rh7 Qc5 26. Nd4 Ka7 27. Bb5 Rf8
28. b4 Qxc3 29. Bxe8 Qxd4 30. Bxf7 Rh8 31. Rxh8 Rxh8 32. Bxe6 Bd8 33. Nf3 Qc3
34. Qd3 Qc6 35. Bxd5 Qh6 36. Kf1 Qh3+ 37. Ke2 Qxg4 38. Qe4 Qc8 39. e6 Be7 40.
Nd4 Rd8 41. Nf5 Qc7 42. Bxb7 Qxb7 43. Qxb7+ Kxb7 44. Nxe7 Re8 45. Nf5 Rxe6+ 46.
Ne3 Nc4 47. Rd3 Kb6 48. Rc3 Nd6 49. Rc5 Nb5 50. Rxg5 Nxa3 51. Ra5 Nc4 52. Rxa4
Kb5 53. Ra8 Kxb4 54. Rb8+ Ka5 55. Kd3 Nb6 56. f4 Rf6 57. Ke4 Re6+ 58. Kf3 Rf6
59. f5 Nd5 60. Nxd5 Rxf5+ 61. Ke4 Rf1 62. Kd4 Rc1 63. Ne3 Ka6 64. Nc4 Rh1 65.
Kc5 Rh5+ 66. Kc6 Rh6+ 67. Nd6 Ka5 68. Rb1 Ka4 69. Kd5 Rh5+ 70. Kd4 Rh4+ 71. Ne4
Rg4 72. Kd3 Ka5 73. Nd6 Rh4 74. Nb7+ Ka6 75. Nc5+ Ka5 76. Kc3 Rc4+ 1/2-1/2

[Event "C.to Italiano Semifinale"]
[Site "Torino ITA"]
[Date "2000.06.20"]
[Round "3"]
[White "Rossi, Giampiero"]
[Black "Orlando, Luigi"]
[Result "1/2-1/2"]
[WhiteElo "2078"]
[BlackElo "1794"]
[PlyCount "53"]
[EventDate "2000.06.18"]

1. d4 Nf6 2. c4 g6 3. g3 Bg7 4. Bg2 O-O 5. Nc3 d6 6. Nf3 c5 7. O-O Nc6 8. dxc5
dxc5 9. Be3 Be6 10. Qa4 Qb6 11. Qb5 Nd7 12. Rfd1 Rad8 13. Rac1 Qxb5 14. cxb5
Nb4 15. Ng5 Bxa2 16. Nxa2 Nxa2 17. Ra1 Nb4 18. Rxa7 Nc2 19. Rxb7 Nxe3 20. Rdxd7
Rxd7 21. Rxd7 Nxg2 22. Kxg2 Rb8 23. Ne4 Rxb5 24. Rxe7 Bf8 25. Rc7 Rxb2 26. Nxc5
Bxc5 27. Rxc5 1/2-1/2

[Event "C.to Italiano Semifinale"]
[Site "Torino ITA"]
[Date "2000.06.20"]
[Round "3"]
[White "Sarno, Spartaco"]
[Black "Tatai, Stefano"]
[Result "1-0"]
[WhiteElo "2391"]
[BlackElo "2371"]
[PlyCount "81"]
[EventDate "2000.06.18"]

1. Nf3 Nf6 2. c4 c6 3. g3 d5 4. b3 Bg4 5. Bb2 Nbd7 6. Bg2 e6 7. O-O Be7 8. d3
O-O 9. Nbd2 a5 10. a3 Re8 11. h3 Bh5 12. Qc2 Bf8 13. Rfe1 Qb6 14. Bd4 Qd8 15.
Ne5 Nxe5 16. Bxe5 Nd7 17. Bc3 f6 18. b4 axb4 19. axb4 Qc7 20. e4 d4 21. Bxd4
Bxb4 22. c5 Bf7 23. Be3 e5 24. Reb1 Bxd2 25. Qxd2 Nf8 26. Rxa8 Rxa8 27. Qb4 Ra7
28. d4 exd4 29. Bxd4 Ne6 30. Be3 Qc8 31. Qb6 Qa8 32. Kh2 Nf8 33. Rd1 Ne6 34.
Rb1 Nf8 35. Rd1 Ne6 36. Rd7 Kf8 37. e5 Be8 38. Rd6 Ke7 39. exf6+ gxf6 40. h4
Ra5 41. Bh3 1-0

[Event "C.to Italiano Semifinale"]
[Site "Torino ITA"]
[Date "2000.06.20"]
[Round "3"]
[White "Spinelli, Doriano"]
[Black "Rettore, Ludwig"]
[Result "0-1"]
[WhiteElo "2189"]
[BlackElo "2076"]
[PlyCount "174"]
[EventDate "2000.06.18"]

1. e4 e5 2. Nf3 Nc6 3. d4 exd4 4. Nxd4 Bc5 5. Nb3 Bb4+ 6. c3 Be7 7. g3 d6 8.
Bg2 Nf6 9. h3 O-O 10. O-O Ne5 11. f4 Ng6 12. c4 Bd7 13. Nc3 Qc8 14. Kh2 c6 15.
Be3 h5 16. c5 h4 17. cxd6 hxg3+ 18. Kxg3 Bd8 19. Nc5 Nh4 20. Nxd7 Qxd7 21. Bg1
g6 22. e5 Nh5+ 23. Kh2 Qf5 24. Be4 Qe6 25. Be3 Kg7 26. Qg4 f5 27. exf6+ Qxf6
28. Rad1 Bb6 29. Bc1 Rad8 30. d7 Nf5 31. Bxf5 Qxf5 32. b3 Bc7 33. Ne2 Qxg4 34.
hxg4 Nf6 35. Bb2 Kf7 36. Bxf6 Kxf6 37. Kg2 Rf7 38. f5 Rfxd7 39. Rxd7 Rxd7 40.
fxg6+ Kxg6 41. Rf5 Rd2 42. Kf3 Rxa2 43. Nd4 Rb2 44. Ke4 Bb6 45. Rf3 Bxd4 46.
Kxd4 Rd2+ 47. Kc3 Rd5 48. Rf8 a5 49. Rb8 Rb5 50. Kc4 Rb4+ 51. Kc3 b6 52. Rc8 c5
53. Rb8 Kf6 54. Rc8 Ke7 55. Rb8 Kd7 56. Rb7+ Kc6 57. Rg7 Kb5 58. Rg8 a4 59.
bxa4+ Rxa4 60. g5 Ra3+ 61. Kb2 Rg3 62. g6 Kb4 63. g7 Rg2+ 64. Kc1 b5 65. Kd1 c4
66. Ke1 c3 67. Kf1 Rg6 68. Ke2 Re6+ 69. Kd3 Rd6+ 70. Ke3 Rd7 71. Ke4 Rc7 72.
Rb8 Rxg7 73. Kd3 Rc7 74. Kc2 Kc4 75. Rh8 Kb4 76. Rg8 Rc4 77. Rg3 Ka3 78. Rg5
Kb4 79. Rg3 Rf4 80. Rg5 Rf2+ 81. Kb1 Rh2 82. Rf5 Kc4 83. Rf8 Kb3 84. Rf1 b4 85.
Rg1 Rb2+ 86. Kc1 Ra2 87. Kb1 c2+ 0-1

[Event "C.to Italiano Semifinale"]
[Site "Torino ITA"]
[Date "2000.06.20"]
[Round "3"]
[White "Vezzosi, Paolo"]
[Black "Contin, Daniel"]
[Result "1/2-1/2"]
[WhiteElo "2360"]
[BlackElo "2391"]
[PlyCount "151"]
[EventDate "2000.06.18"]

1. d4 Nf6 2. c4 g6 3. Nc3 d5 4. Nf3 Bg7 5. Bg5 Ne4 6. cxd5 Nxg5 7. Nxg5 e6 8.
Qd2 exd5 9. Qe3+ Kf8 10. Qf4 Bf6 11. h4 c6 12. O-O-O h6 13. Nf3 Kg7 14. g4 Be6
15. Bg2 Nd7 16. g5 Be7 17. Rdg1 h5 18. Bh3 Qb8 19. Qd2 Bxh3 20. Rxh3 Bd6 21.
Qd3 Re8 22. e3 b5 23. Nd2 b4 24. Ne2 c5 25. dxc5 Nxc5 26. Qxd5 Re5 27. Qc4 Qb7
28. Kb1 Rc8 29. Rc1 Ree8 30. Rhh1 Kg8 31. Nd4 a5 32. Qb5 Qd5 33. Nc4 Bf8 34.
Ka1 Qe4 35. Nd2 Qg2 36. Qf1 Qa8 37. N4b3 Nxb3+ 38. Nxb3 Bg7 39. Qb5 a4 40. Nd4
b3 41. Rhd1 bxa2 42. Kxa2 Qe4 43. Nc6 Ra8 44. Rc4 Qf3 45. Rd2 a3 46. b4 Qh1 47.
Nd4 Qxh4 48. Ne6 Qh1 49. Nxg7 Kxg7 50. Rd7 Rxe3 51. Rxf7+ Kg8 52. Rfc7 Re2+ 53.
Rc2 Rxc2+ 54. Rxc2 Qf3 55. Qc4+ Qf7 56. b5 Ra5 57. b6 Rb5 58. Qxf7+ Kxf7 59.
Rc6 Rxg5 60. Kxa3 Rb5 61. Ka4 Rb2 62. f4 h4 63. Ka5 h3 64. Ka6 h2 65. Rc1 Kf6
66. b7 Kf5 67. Rh1 Kg4 68. Ka7 Kh3 69. b8=Q Rxb8 70. Kxb8 Kg2 71. Rc1 h1=Q 72.
Rxh1 Kxh1 73. Kc7 Kg2 74. Kd6 Kf3 75. Ke5 Kg4 76. Ke4 1/2-1/2

[Event "C.to Italiano Semifinale"]
[Site "Torino ITA"]
[Date "2000.06.20"]
[Round "3"]
[White "Vigile, Matteo"]
[Black "Nikolajevic, Tihomir"]
[Result "1-0"]
[WhiteElo "1783"]
[BlackElo "1740"]
[PlyCount "111"]
[EventDate "2000.06.18"]

1. e4 c5 2. c3 Nf6 3. e5 Nd5 4. d4 cxd4 5. cxd4 d6 6. Nf3 Nc6 7. Bc4 Nb6 8. Bb5
Bd7 9. Qe2 dxe5 10. dxe5 e6 11. O-O Be7 12. Nc3 a6 13. Bd3 Nb4 14. Be4 Qc7 15.
Bf4 Rc8 16. Rac1 Qb8 17. Bg3 O-O 18. a3 Nc6 19. Bb1 Na7 20. Qd3 g6 21. Qe3 Rxc3
22. Qxc3 Nd5 23. Qd2 Bb5 24. Bd3 Bxd3 25. Qxd3 Rd8 26. Qe4 Nc6 27. Rfd1 Qa7 28.
h3 Qb6 29. Bh4 Qc7 30. Bxe7 Qxe7 31. Nd4 Nxd4 32. Rxd4 Qd7 33. Rcd1 Qb5 34. Qc2
Qd7 35. Rc1 Kg7 36. Qd2 Qe7 37. h4 h5 38. Qg5 Kf8 39. g4 hxg4 40. Rxg4 Qxg5 41.
hxg5 Ke7 42. Rh4 Kd7 43. Kg2 Ke7 44. Kf3 Kd7 45. Ke4 Ke7 46. Rh3 Kd7 47. a4 a5
48. Rb3 b6 49. Rh3 Rb8 50. Rf3 Rf8 51. Rc4 Ke7 52. Rh3 Rb8 53. Rc6 Nb4 54. Rc7+
Kd8 55. Rxf7 Ke8 56. Ra7 1-0

[Event "C.to Italiano Semifinale"]
[Site "Torino ITA"]
[Date "2000.06.21"]
[Round "4"]
[White "Bellia, Fabrizio"]
[Black "Di Lao, Riccardo"]
[Result "1-0"]
[WhiteElo "2321"]
[BlackElo "1716"]
[PlyCount "105"]
[EventDate "2000.06.18"]

1. e4 c5 2. Nf3 e6 3. d4 cxd4 4. Nxd4 Nf6 5. Nc3 d6 6. Be2 Nc6 7. Be3 Be7 8.
O-O O-O 9. a4 Nxd4 10. Qxd4 e5 11. Qd2 Be6 12. Rfd1 Kh8 13. f3 a6 14. Bf1 Rc8
15. a5 Qc7 16. Bb6 Qc6 17. Rac1 Bc4 18. Bxc4 Qxc4 19. Ra1 Qe6 20. Be3 h6 21. b3
Rfd8 22. Qd3 Bf8 23. Bf2 Rc6 24. Nd5 Nd7 25. c4 Rdc8 26. Be3 g6 27. Rac1 f5 28.
b4 f4 29. b5 Nc5 30. Qb1 axb5 31. cxb5 fxe3 32. bxc6 e2 33. Re1 bxc6 34. Nb6
Rb8 35. Rxe2 h5 36. Qa2 Qxa2 37. Rxa2 Bh6 38. Rc3 Na6 39. Ra1 c5 40. Rd3 Nb4
41. Rxd6 Be3+ 42. Kf1 Bd4 43. Ra4 Na6 44. Rxg6 Kh7 45. Rd6 Kg7 46. g3 h4 47.
gxh4 Kh7 48. h5 Rg8 49. Rg6 Rxg6 50. hxg6+ Kxg6 51. Nd5 Kg5 52. Ke2 Bg1 53. Kd3
1-0

[Event "C.to Italiano Semifinale"]
[Site "Torino ITA"]
[Date "2000.06.21"]
[Round "4"]
[White "Ciuffoletti, Paolo"]
[Black "Rossi, Giampiero"]
[Result "1-0"]
[WhiteElo "2168"]
[BlackElo "2078"]
[PlyCount "65"]
[EventDate "2000.06.18"]

1. e4 c5 2. d4 cxd4 3. c3 dxc3 4. Nxc3 Nc6 5. Nf3 g6 6. Bc4 Bg7 7. O-O d6 8.
Bf4 Nf6 9. h3 O-O 10. Qd2 a6 11. Rfd1 b5 12. Be2 Bb7 13. Qe3 Qb8 14. Rac1 Qa7
15. Qd3 Rac8 16. a4 b4 17. Nd5 Nxd5 18. exd5 Ne5 19. Nxe5 dxe5 20. Be3 Qa8 21.
Rxc8 Rxc8 22. Qb3 a5 23. Bb6 Bh6 24. Bb5 Rc1 25. Rxc1 Bxc1 26. Qc2 Qc8 27. Bc6
Bxb2 28. Qxb2 Bxc6 29. dxc6 Qxc6 30. Bxa5 Qxa4 31. Bxb4 e6 32. Be7 Qd1+ 33. Kh2
1-0

[Event "C.to Italiano Semifinale"]
[Site "Torino ITA"]
[Date "2000.06.21"]
[Round "4"]
[White "Collutiis, Duilio"]
[Black "Martorelli, Antonio"]
[Result "0-1"]
[WhiteElo "2271"]
[BlackElo "2271"]
[PlyCount "46"]
[EventDate "2000.06.18"]

1. e4 c5 2. Nc3 e6 3. Nge2 a6 4. g3 Nc6 5. Bg2 Nf6 6. O-O Be7 7. a4 O-O 8. h3
d5 9. exd5 exd5 10. d4 Bf5 11. Be3 Nb4 12. Rc1 c4 13. g4 Bd7 14. Ng3 h6 15. Re1
Be6 16. f4 Bd6 17. Qf3 Qc7 18. Nge2 Rfe8 19. f5 Bd7 20. h4 Nxg4 21. Qxg4 Rxe3
22. Rf1 Rae8 23. Bxd5 Bh2+ 0-1

[Event "C.to Italiano Semifinale"]
[Site "Torino ITA"]
[Date "2000.06.21"]
[Round "4"]
[White "Contin, Daniel"]
[Black "Sarno, Spartaco"]
[Result "1/2-1/2"]
[WhiteElo "2391"]
[BlackElo "2391"]
[PlyCount "27"]
[EventDate "2000.06.18"]

1. c4 g6 2. g3 Bg7 3. Bg2 e5 4. Nc3 Nc6 5. d3 d6 6. Rb1 a5 7. a3 Nf6 8. Bg5 h6
9. Bxf6 Bxf6 10. Nf3 Bg7 11. Nd2 O-O 12. O-O Ne7 13. Qc2 c6 14. Rfc1 1/2-1/2

[Event "C.to Italiano Semifinale"]
[Site "Torino ITA"]
[Date "2000.06.21"]
[Round "4"]
[White "De Barberis, Massimo"]
[Black "Astengo, Marcello"]
[Result "1-0"]
[WhiteElo "2103"]
[BlackElo "2032"]
[PlyCount "74"]
[EventDate "2000.06.18"]

1. e4 e6 2. d4 d5 3. e5 c5 4. c3 Nc6 5. Nf3 Bd7 6. Be2 Rc8 7. O-O Nh6 8. a3 Nf5
9. b4 cxd4 10. cxd4 Be7 11. Bb2 Qb6 12. Qd3 O-O 13. Nbd2 f6 14. g4 Nh6 15. exf6
gxf6 16. Kh1 Kh8 17. Rg1 Rg8 18. h3 Nf7 19. Rg2 Bd6 20. Rag1 Ne7 21. Nf1 Ng6
22. Ng3 Nf4 23. Qe3 Rc2 24. Bc1 e5 25. Qb3 Rgc8 26. Bxf4 exf4 27. Qxd5 Rf8 28.
Bd1 Bc6 29. Qe6 fxg3 30. Qxf6+ Kg8 31. Bxc2 gxf2 32. Rxf2 Be5 33. Qf5 Rd8 34.
Qxh7+ Kf8 35. Be4 Bf4 36. Rgf1 Re8 37. Ne5 Ng5 1-0

[Event "C.to Italiano Semifinale"]
[Site "Torino ITA"]
[Date "2000.06.21"]
[Round "4"]
[White "Laco, Giuseppe"]
[Black "Petruccioli, Antonio"]
[Result "1-0"]
[WhiteElo "2209"]
[BlackElo "2114"]
[PlyCount "101"]
[EventDate "2000.06.18"]

1. c4 c5 2. Nc3 e6 3. e4 a6 4. f4 d6 5. Nf3 Nc6 6. d4 cxd4 7. Nxd4 Nf6 8. Be3
e5 9. Nxc6 bxc6 10. fxe5 Ng4 11. Bg1 Nxe5 12. c5 Rb8 13. Qd2 dxc5 14. Qxd8+
Kxd8 15. O-O-O+ Kc7 16. h3 Be7 17. Bh2 Bg5+ 18. Kc2 Bf6 19. Bc4 Be6 20. Bxe6
fxe6 21. g4 h6 22. h4 Rbf8 23. Rdf1 Kb6 24. g5 hxg5 25. hxg5 Ng4 26. gxf6 Ne3+
27. Kb3 Nxf1 28. fxg7 Rhg8 29. gxf8=Q Rxf8 30. Bg1 Nd2+ 31. Kc2 Nf3 32. Na4+
Kb5 33. Bxc5 Rg8 34. b3 Rg2+ 35. Kd3 Rg8 36. Ke3 Ne5 37. Rh7 Nc4+ 38. Ke2 Rb8
39. Ba7 Rd8 40. Rb7+ Ka5 41. Nc5 Rd2+ 42. Ke1 Rb2 43. bxc4 Rxb7 44. Nxb7+ Kb4
45. Nd6 Ka3 46. Kd2 Kxa2 47. Kc2 Ka3 48. Bc5+ Ka4 49. Kc3 e5 50. Nc8 Ka5 51.
Bb4+ 1-0

[Event "C.to Italiano Semifinale"]
[Site "Torino ITA"]
[Date "2000.06.21"]
[Round "4"]
[White "Nikolajevic, Tihomir"]
[Black "Figus, Maurizio"]
[Result "0-1"]
[WhiteElo "1740"]
[BlackElo "1675"]
[PlyCount "114"]
[EventDate "2000.06.18"]

1. e4 c5 2. Nf3 Nc6 3. d4 cxd4 4. Nxd4 Nf6 5. Nc3 e5 6. Ndb5 d6 7. Bg5 a6 8.
Na3 b5 9. Nd5 Be7 10. Bxf6 Bxf6 11. c3 Be6 12. Be2 Bg5 13. O-O O-O 14. Nc2 Ne7
15. Ncb4 Kh8 16. Nxe7 Qxe7 17. Nd5 Qb7 18. Nb4 Rad8 19. Bf3 g6 20. Re1 a5 21.
Nc2 b4 22. cxb4 axb4 23. b3 Qb6 24. Ne3 Rc8 25. Rc1 Rxc1 26. Qxc1 Rc8 27. Qd1
Qc5 28. Nc4 Be7 29. Be2 f5 30. Bd3 fxe4 31. Rxe4 Bf6 32. Re1 Qc7 33. Qf3 Kg7
34. Qe2 Re8 35. Qd1 d5 36. Ne3 e4 37. Bb5 Rd8 38. g3 Qc5 39. Bf1 Bc3 40. Qc1
Rc8 41. Rd1 d4 42. Bc4 Bxc4 43. Nxc4 Rf8 44. Rf1 d3 45. a4 Bd4 46. Ne3 Qc3 47.
Qb1 Bxe3 48. fxe3 Rxf1+ 49. Kxf1 d2 50. Qd1 Qxe3 51. Qa1+ Kh6 52. Kg2 Qf3+ 53.
Kh3 d1=Q 54. Qxd1 Qxd1 55. a5 Qf3 56. a6 Kh5 57. a7 g5 0-1

[Event "C.to Italiano Semifinale"]
[Site "Torino ITA"]
[Date "2000.06.21"]
[Round "4"]
[White "Orlando, Luigi"]
[Black "Zotti, Enrico"]
[Result "1/2-1/2"]
[WhiteElo "1794"]
[BlackElo "1704"]
[PlyCount "107"]
[EventDate "2000.06.18"]

1. e4 c5 2. Nf3 d6 3. d4 cxd4 4. Nxd4 Nf6 5. Nc3 a6 6. f3 e5 7. Nb3 Be6 8. Be3
Nbd7 9. Qd2 Qc7 10. O-O-O Rc8 11. Kb1 Nb6 12. g4 Be7 13. h4 h6 14. g5 hxg5 15.
Bxg5 Nh5 16. Bxe7 Qxe7 17. Qxd6 Nc4 18. Bxc4 Bxc4 19. Qxe7+ Kxe7 20. Nd5+ Bxd5
21. Rxd5 f6 22. Rhd1 Rhd8 23. Rxd8 Rxd8 24. Rxd8 Kxd8 25. Nc5 Kc7 26. c4 Nf4
27. Kc2 Ng2 28. Ne6+ Kd7 29. Nxg7 Nxh4 30. Nh5 Ke6 31. Ng7+ Kd7 32. Nh5 Ke6 33.
f4 exf4 34. Nxf4+ Ke5 35. Nd5 Nf3 36. Kd3 Ng5 37. Nc3 a5 38. b3 Ne6 39. Ke3 Nc5
40. Kf3 Kd4 41. Nb5+ Kd3 42. Kf4 Nxe4 43. Kf5 b6 44. Nc7 Nd6+ 45. Kxf6 Nxc4 46.
bxc4 Kxc4 47. Ke5 a4 48. a3 b5 49. Nxb5 Kxb5 50. Kd5 Kb6 51. Kc4 Ka5 52. Kc5
Ka6 53. Kb4 Kb6 54. Kxa4 1/2-1/2

[Event "C.to Italiano Semifinale"]
[Site "Torino ITA"]
[Date "2000.06.21"]
[Round "4"]
[White "Rettore, Ludwig"]
[Black "Ferretti, Folco"]
[Result "0-1"]
[WhiteElo "2076"]
[BlackElo "2286"]
[PlyCount "40"]
[EventDate "2000.06.18"]

1. e4 e5 2. Nf3 Nc6 3. Bc4 Nf6 4. d4 exd4 5. O-O Bc5 6. e5 d5 7. exf6 dxc4 8.
Re1+ Be6 9. Ng5 Qd5 10. Nc3 Qf5 11. Nce4 O-O-O 12. fxg7 Rhg8 13. Nxc5 Qxc5 14.
Ne4 Qe5 15. Bg5 Qxg7 16. g3 Rd5 17. Bh4 Rf5 18. f3 Rf4 19. g4 Bxg4 20. fxg4
Qxg4+ 0-1

[Event "C.to Italiano Semifinale"]
[Site "Torino ITA"]
[Date "2000.06.21"]
[Round "4"]
[White "Spinelli, Doriano"]
[Black "Vigile, Matteo"]
[Result "1-0"]
[WhiteElo "2189"]
[BlackElo "1783"]
[PlyCount "137"]
[EventDate "2000.06.18"]

1. e4 e5 2. Nf3 Nc6 3. d4 exd4 4. Nxd4 Nf6 5. Nc3 Bb4 6. Nxc6 bxc6 7. Bd3 d5 8.
exd5 cxd5 9. Qe2+ Qe7 10. Qxe7+ Bxe7 11. Bg5 c6 12. O-O O-O 13. Rfe1 Be6 14.
Na4 h6 15. Bh4 Rfe8 16. Rac1 Nd7 17. Bxe7 Rxe7 18. Re2 c5 19. c4 Rae8 20. Rce1
Kf8 21. cxd5 Bxd5 22. Nc3 Rxe2 23. Rxe2 Rxe2 24. Bxe2 Be6 25. Kf1 Ke7 26. Ke1
Ne5 27. f4 Nc6 28. Kd2 Nd4 29. Bd1 Kd6 30. b3 c4 31. b4 Bd5 32. g4 a6 33. Ke3
Nb5 34. Nxb5+ axb5 35. a4 bxa4 36. Bxa4 g5 37. Bd1 f6 38. fxg5 hxg5 39. Kd4 Be6
40. Bf3 Kc7 41. Be2 Kb6 42. Bxc4 Bxg4 43. Kd5 Bc8 44. Kd6 f5 45. Ke5 f4 46. Ke4
Bb7+ 47. Kf5 f3 48. Kg4 Bc6 49. Bf1 Bd5 50. Kxg5 Kc7 51. Kf4 Bb7 52. Bd3 Kd6
53. h4 Ke6 54. h5 Kf6 55. b5 Kg7 56. Kg5 Bd5 57. h6+ Kh8 58. Kf4 Bb7 59. Ke3
Kg8 60. Bf5 Kh8 61. Bg4 Bd5 62. Bxf3 Bc4 63. b6 Ba6 64. Be4 Bc8 65. Kd4 Ba6 66.
Ke5 Bc8 67. Kd6 Ba6 68. Kc7 Kg8 69. Bd3 1-0

[Event "C.to Italiano Semifinale"]
[Site "Torino ITA"]
[Date "2000.06.21"]
[Round "4"]
[White "Tatai, Stefano"]
[Black "Vezzosi, Paolo"]
[Result "0-1"]
[WhiteElo "2371"]
[BlackElo "2360"]
[PlyCount "100"]
[EventDate "2000.06.18"]

1. d4 Nf6 2. c4 e6 3. Nf3 b6 4. g3 Bb7 5. Bg2 Be7 6. Nc3 Ne4 7. Bd2 f5 8. O-O
Bf6 9. Rc1 O-O 10. e3 Qe7 11. Ne1 d5 12. cxd5 exd5 13. Nd3 Rd8 14. Ne2 Na6 15.
b4 c6 16. Nef4 g6 17. Be1 Nc7 18. Qb3 g5 19. Nh5 Bh8 20. f3 Nf6 21. Nxf6+ Bxf6
22. Ne5 Bxe5 23. dxe5 Ne6 24. f4 g4 25. Rf2 Qf7 26. Rfc2 Rac8 27. Rd1 Rc7 28.
Bc3 Ba6 29. Rcd2 Rcd7 30. b5 Nc5 31. Qb4 Bxb5 32. e6 Qxe6 33. Qd4 Qg6 34. Ba1
Kf7 35. Qb2 Bc4 36. Qa3 h5 37. Be5 Kg8 38. Qb4 Qf7 39. Ba1 Kh7 40. Qa3 Qe7 41.
Rc2 Re8 42. Be5 Ne6 43. Qc1 Nf8 44. Rcd2 Qf7 45. Re1 Ng6 46. Ba1 Rde7 47. Rc2
h4 48. gxh4 Nxh4 49. Be5 Rg8 50. Qd1 Re6 0-1

[Event "C.to Italiano Semifinale"]
[Site "Torino ITA"]
[Date "2000.06.22"]
[Round "5"]
[White "Astengo, Marcello"]
[Black "Orlando, Luigi"]
[Result "1-0"]
[WhiteElo "2032"]
[BlackElo "1794"]
[PlyCount "79"]
[EventDate "2000.06.18"]

1. d4 Nf6 2. c4 g6 3. d5 Bg7 4. Nc3 d6 5. e4 e5 6. Be2 O-O 7. g4 Na6 8. g5 Ne8
9. h4 f5 10. gxf6 Nxf6 11. h5 Nc5 12. h6 Bh8 13. Bg5 Qd7 14. Bf3 Qf7 15. Be3 a6
16. b4 Ncd7 17. Nh3 Nb6 18. Ng5 Qe7 19. Qe2 a5 20. b5 a4 21. a3 Ne8 22. Kd2 Bf6
23. Rag1 Bxg5 24. Rxg5 Nxc4+ 25. Qxc4 Rxf3 26. Rgg1 Rh3 27. Rxh3 Bxh3 28. Rc1
Bg2 29. Qb4 b6 30. Nxa4 Nf6 31. Rc4 Ng4 32. Qc3 Nxe3 33. Rxc7 Nf1+ 34. Ke1 Qh4
35. Rc8+ Rxc8 36. Qxc8+ Kf7 37. Qd7+ Kf6 38. Qd8+ Kf7 39. Qxh4 Ne3 40. fxe3 1-0

[Event "C.to Italiano Semifinale"]
[Site "Torino ITA"]
[Date "2000.06.22"]
[Round "5"]
[White "Bellia, Fabrizio"]
[Black "Contin, Daniel"]
[Result "1-0"]
[WhiteElo "2321"]
[BlackElo "2391"]
[PlyCount "95"]
[EventDate "2000.06.18"]

1. e4 e6 2. d4 d5 3. Nd2 c5 4. exd5 exd5 5. Ngf3 Nf6 6. Bb5+ Bd7 7. Bxd7+ Nbxd7
8. O-O Be7 9. dxc5 Nxc5 10. Nd4 Qd7 11. Qf3 O-O 12. Nf5 Bd8 13. Nb3 Nce4 14.
Rd1 Rc8 15. Nbd4 Re8 16. Be3 b5 17. c3 g6 18. Nh6+ Kg7 19. h3 a6 20. Nc2 a5 21.
Nd4 Nd6 22. Ng4 Nxg4 23. hxg4 Nc4 24. Nc2 Nxb2 25. Rxd5 Qe6 26. Nd4 Qe4 27.
Bh6+ Kg8 28. Nxb5 Qxf3 29. gxf3 Bf6 30. Nd6 Red8 31. g5 Rc6 32. gxf6 Rcxd6 33.
Rxd6 Rxd6 34. Rb1 Rd1+ 35. Rxd1 Nxd1 36. c4 Nc3 37. c5 Ne2+ 38. Kf1 Nd4 39. a4
g5 40. Kg2 Nc6 41. Kh3 Ne5 42. Kg3 Nd7 43. c6 Nb6 44. c7 Nc8 45. Kg4 Nd6 46.
Kxg5 Kh8 47. Kf4 Ne8 48. c8=Q 1-0

[Event "C.to Italiano Semifinale"]
[Site "Torino ITA"]
[Date "2000.06.22"]
[Round "5"]
[White "Ciuffoletti, Paolo"]
[Black "Laco, Giuseppe"]
[Result "0-1"]
[WhiteElo "2168"]
[BlackElo "2209"]
[PlyCount "122"]
[EventDate "2000.06.18"]

1. e4 c5 2. d4 cxd4 3. c3 dxc3 4. Nxc3 e6 5. Nf3 a6 6. Bc4 b5 7. Bb3 Bb7 8. Qe2
Bb4 9. O-O Ne7 10. Rd1 O-O 11. Bg5 Bxc3 12. bxc3 Qe8 13. Rd3 f6 14. Bh4 a5 15.
a3 Na6 16. Rd4 Bc6 17. Rad1 Kh8 18. Bg3 Nc5 19. Bc2 e5 20. R4d2 Ng6 21. Nh4
Nxh4 22. Bxh4 g5 23. Bg3 Ne6 24. Rd6 a4 25. h4 h6 26. hxg5 hxg5 27. Bb1 Rd8 28.
Ba2 Nc5 29. f3 Nb7 30. R6d2 Qe7 31. Bf2 Qxa3 32. Bb6 Rde8 33. Qe3 Re7 34. Bd5
Rh7 35. Bc7 Qe7 36. Qb6 a3 37. Bxc6 dxc6 38. Qxb7 Qxc7 39. Qa6 Qa7+ 40. Qxa7
Rxa7 41. Ra2 Kg7 42. Kf2 Rfa8 43. Rd6 Rc7 44. Ke3 Kf7 45. Rd1 c5 46. Rb1 Rb7
47. Rb3 b4 48. cxb4 cxb4 49. Kd3 Rd8+ 50. Kc4 Rc8+ 51. Kd3 Rc6 52. Ra1 Rd7+ 53.
Ke3 Rd4 54. Ra2 Ke6 55. Ra1 Rc2 56. g3 a2 57. f4 gxf4+ 58. gxf4 Kd6 59. fxe5+
fxe5 60. Rd3 Rxd3+ 61. Kxd3 b3 0-1

[Event "C.to Italiano Semifinale"]
[Site "Torino ITA"]
[Date "2000.06.22"]
[Round "5"]
[White "Di Lao, Riccardo"]
[Black "Spinelli, Doriano"]
[Result "0-1"]
[WhiteElo "1716"]
[BlackElo "2189"]
[PlyCount "86"]
[EventDate "2000.06.18"]

1. d4 d5 2. c4 e6 3. Nc3 Be7 4. Nf3 Nf6 5. Bf4 O-O 6. h3 c5 7. e3 Nc6 8. Bd3
Nb4 9. dxc5 Bxc5 10. a3 Nc6 11. b4 Be7 12. c5 a6 13. Na4 Nd7 14. Bg3 Bf6 15.
Rc1 Nce5 16. Nxe5 Bxe5 17. Bxe5 Nxe5 18. Bxh7+ Kxh7 19. Qh5+ Kg8 20. Qxe5 Bd7
21. Nb6 Bb5 22. Nxa8 Qxa8 23. f3 Qd8 24. h4 Re8 25. h5 f6 26. Qg3 e5 27. Qg6
Re7 28. h6 d4 29. e4 d3 30. Kf2 d2 31. Rcd1 Qd4+ 32. Kg3 Ba4 33. h7+ Kh8 34.
Qf5 Re8 35. Qh5 Rd8 36. Qf7 Bxd1 37. Rxd1 Qe3 38. Kh3 Qe1 39. Qb3 Kxh7 40. a4
Kg6 41. Kg4 Rh8 42. g3 Rh5 43. f4 Qxe4 0-1

[Event "C.to Italiano Semifinale"]
[Site "Torino ITA"]
[Date "2000.06.22"]
[Round "5"]
[White "Ferretti, Folco"]
[Black "Martorelli, Antonio"]
[Result "0-1"]
[WhiteElo "2286"]
[BlackElo "2271"]
[PlyCount "130"]
[EventDate "2000.06.18"]

1. c4 Nf6 2. Nc3 g6 3. g3 Bg7 4. Bg2 O-O 5. Nf3 d6 6. O-O Nc6 7. d3 Nh5 8. Bd2
f5 9. Rb1 f4 10. Nd5 e5 11. Ne1 Nd4 12. e3 Ne6 13. Bf3 c6 14. Nc3 Ng5 15. exf4
exf4 16. Bg4 Bd4 17. Nc2 Bxc3 18. bxc3 Nf6 19. Bxc8 Qxc8 20. Bxf4 Nh3+ 21. Kh1
Nxf4 22. gxf4 Nh5 23. Ne3 Rxf4 24. Ng2 Rf7 25. f4 Qf5 26. Qe2 Raf8 27. Qe3 Qa5
28. Qd4 Re8 29. Rbe1 Rd8 30. Re2 Ng7 31. Rfe1 Qc5 32. Re7 Qxd4 33. cxd4 Nf5 34.
Re8+ Rxe8 35. Rxe8+ Kg7 36. Rd8 Kf6 37. Ne1 Re7 38. Nf3 h6 39. Rf8+ Kg7 40. Rb8
Kf6 41. Kg1 Re3 42. Kf2 Rxd3 43. Rxb7 Nxd4 44. Nxd4 Rxd4 45. Ke3 Rxc4 46. Rxa7
c5 47. a4 Rc3+ 48. Kf2 Rh3 49. Kg2 Ra3 50. Rd7 Ke6 51. Rg7 Kf5 52. Rd7 Rd3 53.
a5 Kxf4 54. a6 Ke5 55. Rg7 g5 56. Rh7 Ra3 57. a7 c4 58. Kf2 d5 59. Ke2 Kd4 60.
Rxh6 Rxa7 61. Rg6 Ra2+ 62. Ke1 Rxh2 63. Rxg5 c3 64. Kd1 Kc4 65. Rg8 d4 0-1

[Event "C.to Italiano Semifinale"]
[Site "Torino ITA"]
[Date "2000.06.22"]
[Round "5"]
[White "Figus, Maurizio"]
[Black "De Barberis, Massimo"]
[Result "1/2-1/2"]
[WhiteElo "1675"]
[BlackElo "2103"]
[PlyCount "42"]
[EventDate "2000.06.18"]

1. e4 c5 2. Nf3 d6 3. d4 cxd4 4. Nxd4 Nf6 5. Nc3 e6 6. Be2 a6 7. a4 Nbd7 8. Be3
b6 9. f4 Bb7 10. Bf3 Rc8 11. O-O Be7 12. Nb3 O-O 13. Qd2 Qc7 14. Rad1 Rfd8 15.
Qf2 e5 16. f5 Bc6 17. g4 Qb7 18. Qg2 Nc5 19. Nxc5 dxc5 20. g5 Ne8 21. Kh1 f6
1/2-1/2